000
00305nam a22001337a 4500
008
170204b xxu||||| |||| 00| 0 eng d
020
_a
9780827350106
041
_a
eng
080
_2
4TH
_a
61
100
_a
3
101
_a
SHM
245
_a
INTRODUCTION TO HEALTH SERVICES
_c
WILLIAMS, S.J
942
_2
udc
_c
BK
999
_c
4645
_d
4645